[Event "Baku Chess Olympiad | Open"]
[Site "chess24.com"]
[Date "2016.09.02"]
[Round "1"]
[White "Ampie, Mauro"]
[Black "Bruzon Batista, Lazaro"]
[Result "0-1"]
[Board "1"]
[WhiteID "6101623"]
[WhiteElo "2348"]
[WhiteTitle "FM"]
[WhiteCountry "NCA"]
[WhiteFideId "6101623"]
[WhiteEloChange "-3"]
[BlackID "3503739"]
[BlackElo "2623"]
[BlackTitle "GM"]
[BlackCountry "CUB"]
[BlackFideId "3503739"]
[BlackEloChange "2"]

1. e4 {[%clk 1:30:57]} e5 {[%clk 1:30:47]} 2. Nf3 {[%clk 1:31:07]} Nc6 {[%clk
1:31:14]} 3. d4 {[%clk 1:31:29]} exd4 {[%clk 1:31:41]} 4. Nxd4 {[%clk 1:31:46]}
Nf6 {[%clk 1:32:07]} 5. Nxc6 {[%clk 1:31:56]} bxc6 {[%clk 1:32:34]} 6. e5 {[%clk
1:32:06]} Qe7 {[%clk 1:33:00]} 7. Qe2 {[%clk 1:32:23]} Nd5 {[%clk 1:33:27]} 8. c4
{[%clk 1:32:19]} Nb6 {[%clk 1:33:51]} 9. Nc3 {[%clk 1:31:49]} Qe6 {[%clk
1:34:05]} 10. Qe4 {[%clk 1:32:06]} g6 {[%clk 1:34:09]} 11. Bd3 {[%clk 1:31:21]}
Bg7 {[%clk 1:34:34]} 12. O-O {[%clk 1:31:44]} O-O {[%clk 1:34:48]} 13. f4 {[%clk
1:29:19]} f5 {[%clk 1:32:37]} 14. Qe2 {[%clk 1:18:11]} d6 {[%clk 1:30:25]} 15.
exd6 {[%clk 1:01:55]} cxd6 {[%clk 1:27:48]} 16. Bd2 {[%clk 0:57:40]} Qxe2 {[%clk
1:26:14]} 17. Bxe2 {[%clk 0:57:55]} Ba6 {[%clk 1:26:33]} 18. b3 {[%clk 0:52:22]}
d5 {[%clk 1:26:31]} 19. Rac1 {[%clk 0:39:46]} dxc4 {[%clk 1:19:00]} 20. Rfd1
{[%clk 0:34:17]} Rad8 {[%clk 1:16:55]} 21. Be1 {[%clk 0:28:24]} Rxd1 {[%clk
1:15:03]} 22. Rxd1 {[%clk 0:18:35]} Re8 {[%clk 1:07:46]} 23. Kf2 {[%clk 0:15:08]}
c5 {[%clk 1:06:01]} 24. Kf1 {[%clk 0:09:47]} Bd4 {[%clk 0:59:59]} 25. g3 {[%clk
0:07:12]} Re3 {[%clk 0:26:09]} 26. Rc1 {[%clk 0:04:51]} cxb3 {[%clk 0:25:51]} 27.
Bxa6 {[%clk 0:05:08]} b2 {[%clk 0:26:18]} 28. Rb1 {[%clk 0:04:55]} Bxc3 {[%clk
0:26:43]} 29. Bxc3 {[%clk 0:04:04]} Rxc3 {[%clk 0:27:10]} 30. Rxb2 {[%clk
0:04:30]} c4 {[%clk 0:26:10]} 31. Bb5 {[%clk 0:01:35]} Kf8 {[%clk 0:23:14]} 32.
Re2 {[%clk 0:01:02]} Rc1+ {[%clk 0:16:39]} 33. Kg2 {[%clk 0:00:47]} c3 {[%clk
0:16:46]} 34. a4 {[%clk 0:00:44]} Nd5 {[%clk 0:15:57]} 35. Re8+ {[%clk 0:00:32]}
Kg7 {[%clk 0:16:22]} 36. Rd8 {[%clk 0:00:33]} c2 {[%clk 0:11:56]} 37. Rxd5 {[%clk
0:00:32]} Rd1 {[%clk 0:11:52]} 38. Rc5 {[%clk 0:00:32]} c1Q {[%clk 0:12:15]} 39.
Rxc1 {[%clk 0:00:59]} Rxc1 {[%clk 0:12:42]} 40. Kf3 {[%clk 0:30:44]} Rc3+ {[%clk
0:42:06]} 0-1

[Event "Baku Chess Olympiad | Open"]
[Site "chess24.com"]
[Date "2016.09.02"]
[Round "1"]
[White "Abdelazeez Mohamed Abdalla"]
[Black "Petrov, Martin"]
[Result "1-0"]
[Board "4"]
[WhiteID "12202576"]
[WhiteElo "2183"]
[WhiteCountry "SUD"]
[WhiteFideId "12202576"]
[WhiteEloChange "17"]
[BlackID "2911086"]
[BlackElo "2458"]
[BlackTitle "IM"]
[BlackCountry "BUL"]
[BlackFideId "2911086"]
[BlackEloChange "-8"]

1. d4 {[%clk 1:30:49]} Nf6 {[%clk 1:30:42]} 2. c4 {[%clk 1:31:09]} e6 {[%clk
1:30:59]} 3. Nf3 {[%clk 1:31:32]} b6 {[%clk 1:30:38]} 4. g3 {[%clk 1:31:48]} Bb4+
{[%clk 1:25:23]} 5. Nbd2 {[%clk 1:31:13]} Ba6 {[%clk 1:19:37]} 6. Qc2 {[%clk
1:31:32]} Bb7 {[%clk 1:19:26]} 7. Bg2 {[%clk 1:31:46]} Be4 {[%clk 1:18:45]} 8.
Qb3 {[%clk 1:32:06]} Nc6 {[%clk 1:16:57]} 9. O-O {[%clk 1:26:35]} Bxd2 {[%clk
1:15:05]} 10. Bxd2 {[%clk 1:26:47]} O-O {[%clk 1:14:13]} 11. Qe3 {[%clk 1:20:19]}
d5 {[%clk 0:57:29]} 12. b3 {[%clk 0:58:05]} Rc8 {[%clk 0:48:23]} 13. Bc3 {[%clk
0:54:29]} Ne7 {[%clk 0:46:22]} 14. Rfd1 {[%clk 0:46:20]} Nf5 {[%clk 0:43:20]} 15.
Qc1 {[%clk 0:46:09]} Qd6 {[%clk 0:39:20]} 16. Bh3 {[%clk 0:43:10]} Bxf3 {[%clk
0:32:57]} 17. exf3 {[%clk 0:43:29]} Qc6 {[%clk 0:28:13]} 18. c5 {[%clk 0:34:57]}
Rfe8 {[%clk 0:22:04]} 19. b4 {[%clk 0:34:16]} Rcd8 {[%clk 0:20:42]} 20. a4 {[%clk
0:32:22]} bxc5 {[%clk 0:20:37]} 21. Bxf5 {[%clk 0:26:38]} exf5 {[%clk 0:13:50]}
22. dxc5 {[%clk 0:21:35]} a5 {[%clk 0:07:56]} 23. b5 {[%clk 0:21:08]} Qxc5 {[%clk
0:07:29]} 24. Bxf6 {[%clk 0:21:28]} Qxc1 {[%clk 0:07:48]} 25. Raxc1 {[%clk
0:21:46]} gxf6 {[%clk 0:08:13]} 26. Rxc7 {[%clk 0:22:02]} d4 {[%clk 0:08:01]} 27.
Rd3 {[%clk 0:22:18]} Rd6 {[%clk 0:02:12]} 28. Kg2 {[%clk 0:21:18]} Kg7 {[%clk
0:01:59]} 29. Ra7 {[%clk 0:19:20]} Re2 {[%clk 0:02:19]} 30. Rxa5 {[%clk 0:13:52]}
Ra2 {[%clk 0:02:39]} 31. f4 {[%clk 0:09:00]} Re6 {[%clk 0:01:49]} 32. h3 {[%clk
0:04:59]} Ree2 {[%clk 0:01:56]} 33. Rf3 {[%clk 0:04:45]} d3 {[%clk 0:00:54]} 34.
b6 {[%clk 0:03:55]} Reb2 {[%clk 0:00:35]} 35. Rb5 {[%clk 0:03:30]} Rxb5 {[%clk
0:00:40]} 36. axb5 {[%clk 0:03:44]} d2 {[%clk 0:00:50]} 37. Rd3 {[%clk 0:04:00]}
Rb2 {[%clk 0:01:14]} 38. Rd5 {[%clk 0:02:59]} d1Q {[%clk 0:00:37]} 39. Rxd1
{[%clk 0:03:18]} Rxb5 {[%clk 0:01:02]} 40. Rd6 {[%clk 0:33:33]} Rb3 {[%clk
0:31:25]} 41. Kf1 {[%clk 0:33:41]} Rb2 {[%clk 0:31:45]} 42. Ke1 {[%clk 0:33:18]}
Kg6 {[%clk 0:27:57]} 43. Kd1 {[%clk 0:33:07]} Rxf2 {[%clk 0:21:50]} 44. Rd2
{[%clk 0:33:26]} Rf1+ {[%clk 0:21:59]} 45. Kc2 {[%clk 0:33:30]} Re1 {[%clk
0:22:23]} 46. b7 {[%clk 0:32:52]} Re8 {[%clk 0:22:47]} 47. Rd7 {[%clk 0:33:15]}
h5 {[%clk 0:22:28]} 48. h4 {[%clk 0:33:40]} Kg7 {[%clk 0:22:34]} 49. Rc7 {[%clk
0:34:02]} Rb8 {[%clk 0:22:54]} 50. Kd3 {[%clk 0:34:02]} 1-0

[Event "Baku Chess Olympiad | Open"]
[Site "chess24.com"]
[Date "2016.09.02"]
[Round "1"]
[White "Mastrovasilis, Dimitrios"]
[Black "Ulloa, Ruben Guillermo"]
[Result "1-0"]
[Board "2"]
[WhiteID "4202694"]
[WhiteElo "2601"]
[WhiteTitle "GM"]
[WhiteCountry "GRE"]
[WhiteFideId "4202694"]
[WhiteEloChange "1"]
[BlackID "6601243"]
[BlackElo "2128"]
[BlackCountry "PAN"]
[BlackFideId "6601243"]
[BlackEloChange "-2"]

1. e4 {[%clk 1:30:51]} c5 {[%clk 1:30:49]} 2. Nf3 {[%clk 1:31:03]} e6 {[%clk
1:31:11]} 3. d4 {[%clk 1:31:09]} cxd4 {[%clk 1:31:32]} 4. Nxd4 {[%clk 1:31:32]}
Nc6 {[%clk 1:31:56]} 5. Nc3 {[%clk 1:30:33]} Qc7 {[%clk 1:32:15]} 6. Be2 {[%clk
1:27:20]} Nf6 {[%clk 1:32:26]} 7. O-O {[%clk 1:27:40]} Be7 {[%clk 1:32:47]} 8.
Kh1 {[%clk 1:26:24]} O-O {[%clk 1:32:59]} 9. f4 {[%clk 1:26:11]} d6 {[%clk
1:27:54]} 10. Be3 {[%clk 1:25:52]} Nxd4 {[%clk 1:28:06]} 11. Qxd4 {[%clk
1:25:52]} b6 {[%clk 1:28:19]} 12. Bf3 {[%clk 0:47:15]} Bb7 {[%clk 1:26:31]} 13.
Rad1 {[%clk 0:47:03]} Rfd8 {[%clk 1:20:42]} 14. f5 {[%clk 0:37:04]} exf5 {[%clk
1:02:35]} 15. exf5 {[%clk 0:37:14]} d5 {[%clk 1:02:52]} 16. Qf4 {[%clk 0:28:54]}
Qxf4 {[%clk 1:00:05]} 17. Bxf4 {[%clk 0:29:16]} Rac8 {[%clk 1:00:29]} 18. Rfe1
{[%clk 0:12:35]} Bb4 {[%clk 0:56:56]} 19. Bd2 {[%clk 0:12:57]} Ne4 {[%clk
0:49:50]} 20. Bxe4 {[%clk 0:12:07]} dxe4 {[%clk 0:48:20]} 21. a3 {[%clk 0:12:29]}
Bf8 {[%clk 0:45:20]} 22. Be3 {[%clk 0:11:13]} f6 {[%clk 0:42:02]} 23. Kg1 {[%clk
0:07:17]} g6 {[%clk 0:34:42]} 24. Nb5 {[%clk 0:05:18]} Rxd1 {[%clk 0:29:05]} 25.
Rxd1 {[%clk 0:05:45]} Rxc2 {[%clk 0:29:19]} 26. Rd8 {[%clk 0:04:36]} g5 {[%clk
0:15:25]} 27. Nd4 {[%clk 0:02:30]} Rc8 {[%clk 0:13:38]} 28. Rd7 {[%clk 0:02:58]}
Ba6 {[%clk 0:08:16]} 29. Rxa7 {[%clk 0:02:45]} Bc4 {[%clk 0:08:37]} 30. Kf2
{[%clk 0:02:41]} Bd6 {[%clk 0:08:18]} 31. h3 {[%clk 0:01:35]} h6 {[%clk 0:06:31]}
32. Rb7 {[%clk 0:01:39]} Rb8 {[%clk 0:05:36]} 33. Rd7 {[%clk 0:01:59]} Bf8 {[%clk
0:04:51]} 34. Nc6 {[%clk 0:01:21]} Rc8 {[%clk 0:04:31]} 35. Na7 {[%clk 0:01:44]}
Rb8 {[%clk 0:04:24]} 36. Nc6 {[%clk 0:01:27]} Rc8 {[%clk 0:04:41]} 37. Na7 {[%clk
0:01:42]} Rb8 {[%clk 0:05:03]} 38. Bd4 {[%clk 0:02:06]} Bc5 {[%clk 0:02:41]} 39.
Ke3 {[%clk 0:01:58]} Re8 {[%clk 0:00:55]} 40. Bxc5 {[%clk 0:30:54]} bxc5 {[%clk
0:31:18]} 41. Nc6 {[%clk 0:28:27]} Bf7 {[%clk 0:29:53]} 42. a4 {[%clk 0:26:08]}
Ra8 {[%clk 0:26:52]} 43. Rd8+ {[%clk 0:25:34]} Rxd8 {[%clk 0:26:57]} 44. Nxd8
{[%clk 0:25:57]} Bd5 {[%clk 0:27:00]} 45. Ne6 {[%clk 0:24:00]} c4 {[%clk
0:26:49]} 46. Nc7 {[%clk 0:23:23]} Bc6 {[%clk 0:26:38]} 47. a5 {[%clk 0:23:45]}
Kf7 {[%clk 0:27:00]} 48. a6 {[%clk 0:24:05]} Ke7 {[%clk 0:27:20]} 49. a7 {[%clk
0:24:14]} Kd7 {[%clk 0:27:29]} 50. a8Q {[%clk 0:24:29]} Bxa8 {[%clk 0:27:48]} 51.
Nxa8 {[%clk 0:24:53]} Kc6 {[%clk 0:27:53]} 52. Kxe4 {[%clk 0:25:17]} 1-0

[Event "Baku Chess Olympiad | Open"]
[Site "chess24.com"]
[Date "2016.09.02"]
[Round "1"]
[White "Vedmediuc, Serghei"]
[Black "Kalugampitiya, R S"]
[Result "1-0"]
[Board "4"]
[WhiteID "13900790"]
[WhiteElo "2437"]
[WhiteTitle "IM"]
[WhiteCountry "MDA"]
[WhiteFideId "13900790"]
[WhiteEloChange "1"]
[BlackID "9901124"]
[BlackElo "2107"]
[BlackCountry "SRI"]
[BlackFideId "9901124"]
[BlackEloChange "-3"]

1. e4 {[%clk 1:30:56]} c5 {[%clk 1:30:14]} 2. Nf3 {[%clk 1:31:20]} d6 {[%clk
1:30:39]} 3. d4 {[%clk 1:31:45]} cxd4 {[%clk 1:31:04]} 4. Nxd4 {[%clk 1:32:10]}
Nf6 {[%clk 1:31:30]} 5. Nc3 {[%clk 1:32:31]} a6 {[%clk 1:31:56]} 6. f3 {[%clk
1:32:50]} e5 {[%clk 1:28:42]} 7. Nb3 {[%clk 1:33:13]} Be6 {[%clk 1:27:30]} 8. Be3
{[%clk 1:33:20]} Nbd7 {[%clk 1:26:01]} 9. Qd2 {[%clk 1:30:27]} Qc7 {[%clk
1:22:09]} 10. g4 {[%clk 1:03:38]} h6 {[%clk 1:20:07]} 11. O-O-O {[%clk 0:46:38]}
Rc8 {[%clk 1:16:02]} 12. Kb1 {[%clk 0:35:56]} b5 {[%clk 1:04:45]} 13. h4 {[%clk
0:32:00]} Be7 {[%clk 0:46:57]} 14. Bd3 {[%clk 0:15:31]} b4 {[%clk 0:18:39]} 15.
Ne2 {[%clk 0:15:54]} d5 {[%clk 0:12:40]} 16. g5 {[%clk 0:15:54]} d4 {[%clk
0:04:37]} 17. gxf6 {[%clk 0:14:38]} dxe3 {[%clk 0:05:02]} 18. fxg7 {[%clk
0:15:00]} Rg8 {[%clk 0:05:24]} 19. Qxe3 {[%clk 0:14:31]} a5 {[%clk 0:01:37]} 20.
Qxh6 {[%clk 0:13:17]} a4 {[%clk 0:01:24]} 21. Nbc1 {[%clk 0:11:44]} Qb6 {[%clk
0:01:03]} 22. b3 {[%clk 0:09:44]} Bf6 {[%clk 0:00:41]} 23. Rhg1 {[%clk 0:07:33]}
Ke7 {[%clk 0:00:47]} 24. h5 {[%clk 0:02:31]} Nc5 {[%clk 0:00:42]} 25. Qe3 {[%clk
0:01:27]} Bxg7 {[%clk 0:00:42]} 26. h6 {[%clk 0:01:27]} Bf6 {[%clk 0:01:12]} 27.
Bc4 {[%clk 0:01:19]} Bxc4 {[%clk 0:00:39]} 28. Rxg8 {[%clk 0:01:09]} Rxg8 {[%clk
0:00:38]} 29. bxc4 {[%clk 0:01:34]} Bg5 {[%clk 0:00:40]} 30. h7 {[%clk 0:01:40]}
b3 {[%clk 0:00:33]} 31. hxg8N+ {[%clk 0:01:52]} 1-0

[Event "Baku Chess Olympiad | Open"]
[Site "chess24.com"]
[Date "2016.09.02"]
[Round "1"]
[White "Stefansson, Hannes"]
[Black "Mesfin, Leykun"]
[Result "1-0"]
[Board "4"]
[WhiteID "2300087"]
[WhiteElo "2574"]
[WhiteTitle "GM"]
[WhiteCountry "ISL"]
[WhiteFideId "2300087"]
[WhiteEloChange "1"]
[BlackID "15700097"]
[BlackElo "2129"]
[BlackCountry "ETH"]
[BlackFideId "15700097"]
[BlackEloChange "-2"]

1. d4 {[%clk 1:30:42]} Nf6 {[%clk 1:30:11]} 2. c4 {[%clk 1:30:55]} g6 {[%clk
1:30:17]} 3. Nf3 {[%clk 1:31:01]} Bg7 {[%clk 1:30:36]} 4. g3 {[%clk 1:31:07]} O-O
{[%clk 1:28:45]} 5. Bg2 {[%clk 1:31:15]} c5 {[%clk 1:28:15]} 6. Nc3 {[%clk
1:30:12]} cxd4 {[%clk 1:22:59]} 7. Nxd4 {[%clk 1:30:19]} Nc6 {[%clk 1:22:42]} 8.
O-O {[%clk 1:30:23]} Qb6 {[%clk 1:18:43]} 9. Nc2 {[%clk 1:27:04]} Ne5 {[%clk
1:12:41]} 10. b3 {[%clk 1:24:49]} d6 {[%clk 1:12:19]} 11. h3 {[%clk 1:24:17]} Bd7
{[%clk 1:10:03]} 12. Be3 {[%clk 1:21:20]} Qc7 {[%clk 1:04:02]} 13. Bd4 {[%clk
1:11:07]} Nc6 {[%clk 1:01:26]} 14. Bxf6 {[%clk 1:10:16]} exf6 {[%clk 1:00:22]}
15. Nb5 {[%clk 1:09:47]} Qb6 {[%clk 0:56:21]} 16. Qxd6 {[%clk 1:09:35]} Be6
{[%clk 0:54:38]} 17. Rad1 {[%clk 1:05:15]} Rfc8 {[%clk 0:41:46]} 18. Qf4 {[%clk
1:03:26]} f5 {[%clk 0:39:29]} 19. Ncd4 {[%clk 1:01:14]} Nxd4 {[%clk 0:34:34]} 20.
Nxd4 {[%clk 1:00:14]} Bd7 {[%clk 0:31:09]} 21. Rd2 {[%clk 0:59:12]} Re8 {[%clk
0:30:18]} 22. Rfd1 {[%clk 0:56:22]} h5 {[%clk 0:26:08]} 23. Bd5 {[%clk 0:55:23]}
a5 {[%clk 0:21:33]} 24. Qf3 {[%clk 0:52:53]} Rab8 {[%clk 0:16:02]} 25. e4 {[%clk
0:52:17]} Bh6 {[%clk 0:14:28]} 26. Re2 {[%clk 0:49:46]} f4 {[%clk 0:13:18]} 27.
gxf4 {[%clk 0:48:56]} Qf6 {[%clk 0:13:36]} 28. e5 {[%clk 0:43:56]} Qxf4 {[%clk
0:12:43]} 29. Qxf4 {[%clk 0:44:18]} Bxf4 {[%clk 0:13:05]} 30. e6 {[%clk 0:44:31]}
fxe6 {[%clk 0:12:57]} 31. Bxe6+ {[%clk 0:44:25]} Bxe6 {[%clk 0:12:06]} 32. Nxe6
{[%clk 0:43:18]} Bh6 {[%clk 0:12:09]} 33. Rd7 {[%clk 0:43:18]} b6 {[%clk
0:11:38]} 34. Kf1 {[%clk 0:42:26]} Rbc8 {[%clk 0:11:01]} 35. Rd6 {[%clk 0:41:33]}
Rb8 {[%clk 0:09:14]} 36. f4 {[%clk 0:40:24]} Kf7 {[%clk 0:05:10]} 37. Ng5+ {[%clk
0:40:30]} Bxg5 {[%clk 0:04:58]} 38. fxg5 {[%clk 0:40:52]} Rxe2 {[%clk 0:04:57]}
39. Kxe2 {[%clk 0:41:15]} Re8+ {[%clk 0:04:30]} 40. Kf3 {[%clk 1:09:39]} Re5
{[%clk 0:33:55]} 41. Rf6+ {[%clk 1:08:13]} Kg7 {[%clk 0:31:20]} 42. h4 {[%clk
1:07:47]} b5 {[%clk 0:30:38]} 43. Rf4 {[%clk 1:08:00]} bxc4 {[%clk 0:21:17]} 44.
Rxc4 {[%clk 1:08:14]} Rd5 {[%clk 0:15:29]} 45. Ke3 {[%clk 1:08:06]} Kf7 {[%clk
0:13:13]} 46. Rf4+ {[%clk 1:08:22]} Kg7 {[%clk 0:13:25]} 47. a3 {[%clk 1:05:33]}
Rd1 {[%clk 0:07:07]} 48. Rd4 {[%clk 1:02:56]} Rb1 {[%clk 0:04:16]} 49. b4 {[%clk
1:02:51]} Rh1 {[%clk 0:03:22]} 50. bxa5 {[%clk 0:59:11]} Rh3+ {[%clk 0:03:40]}
51. Kd2 {[%clk 0:59:31]} Rxa3 {[%clk 0:04:07]} 52. Rd7+ {[%clk 0:59:54]} Kg8
{[%clk 0:03:46]} 53. Ra7 {[%clk 1:00:15]} Ra4 {[%clk 0:04:01]} 54. a6 {[%clk
1:00:34]} Rxh4 {[%clk 0:04:19]} 55. Rb7 {[%clk 1:00:56]} Ra4 {[%clk 0:02:29]} 56.
a7 {[%clk 0:58:45]} Ra5 {[%clk 0:02:04]} 57. Rb8+ {[%clk 0:58:58]} Kf7 {[%clk
0:02:32]} 58. a8Q {[%clk 0:59:16]} Rxa8 {[%clk 0:02:03]} 59. Rxa8 {[%clk
0:59:40]} Ke6 {[%clk 0:02:31]} 1-0

[Event "Baku Chess Olympiad | Open"]
[Site "chess24.com"]
[Date "2016.09.02"]
[Round "1"]
[White "Monnaatsheko, Keletshabile"]
[Black "Firouzja, Alireza"]
[Result "0-1"]
[Board "1"]
[WhiteID "11302941"]
[WhiteElo "1988"]
[WhiteCountry "BOT"]
[WhiteFideId "11302941"]
[WhiteEloChange "-2"]
[BlackID "12573981"]
[BlackElo "2463"]
[BlackCountry "IRI"]
[BlackFideId "12573981"]
[BlackEloChange "1"]

1. e4 {[%clk 1:30:40]} c5 {[%clk 1:30:45]} 2. c3 {[%clk 1:30:54]} Nf6 {[%clk
1:28:43]} 3. e5 {[%clk 1:31:15]} Nd5 {[%clk 1:29:08]} 4. Bc4 {[%clk 1:31:26]} Nb6
{[%clk 1:26:39]} 5. Bb3 {[%clk 1:30:24]} Nc6 {[%clk 1:17:31]} 6. Nf3 {[%clk
1:30:40]} d6 {[%clk 1:08:26]} 7. exd6 {[%clk 1:29:49]} Qxd6 {[%clk 1:08:34]} 8.
d4 {[%clk 1:27:03]} cxd4 {[%clk 1:07:14]} 9. cxd4 {[%clk 1:26:04]} Be6 {[%clk
1:05:25]} 10. O-O {[%clk 1:20:11]} Bxb3 {[%clk 1:03:46]} 11. Qxb3 {[%clk
1:20:16]} e6 {[%clk 1:02:58]} 12. Nc3 {[%clk 1:20:28]} Be7 {[%clk 1:01:33]} 13.
Nb5 {[%clk 1:16:31]} Qb8 {[%clk 0:57:14]} 14. g3 {[%clk 1:15:28]} Qd8 {[%clk
0:42:38]} 15. Be3 {[%clk 1:08:27]} O-O {[%clk 0:41:41]} 16. Ne5 {[%clk 1:03:37]}
Nd5 {[%clk 0:36:17]} 17. Rac1 {[%clk 0:54:28]} a6 {[%clk 0:25:26]} 18. Nxc6
{[%clk 0:38:39]} bxc6 {[%clk 0:25:50]} 19. Na3 {[%clk 0:38:51]} Rb8 {[%clk
0:22:46]} 20. Qa4 {[%clk 0:36:21]} Nxe3 {[%clk 0:17:16]} 21. fxe3 {[%clk
0:36:31]} Qd5 {[%clk 0:16:27]} 22. Nc4 {[%clk 0:20:49]} c5 {[%clk 0:16:16]} 23.
dxc5 {[%clk 0:19:51]} Bxc5 {[%clk 0:16:35]} 24. Qc2 {[%clk 0:19:32]} Rb4 {[%clk
0:12:57]} 25. Rfe1 {[%clk 0:11:11]} Qg5 {[%clk 0:11:54]} 26. Qe4 {[%clk 0:10:36]}
Ba7 {[%clk 0:10:41]} 27. Kg2 {[%clk 0:09:41]} Qd5 {[%clk 0:10:54]} 28. Kf3 {[%clk
0:06:38]} g5 {[%clk 0:07:47]} 29. h3 {[%clk 0:05:06]} f5 {[%clk 0:05:58]} 30.
Qxd5 {[%clk 0:05:26]} exd5 {[%clk 0:06:21]} 31. Nd6 {[%clk 0:03:55]} g4+ {[%clk
0:05:34]} 32. Kf2 {[%clk 0:02:28]} Bb8 {[%clk 0:02:54]} 33. Nc8 {[%clk 0:01:48]}
Rxb2+ {[%clk 0:03:04]} 34. Re2 {[%clk 0:01:49]} Bxg3+ {[%clk 0:03:26]} 35. Kf1
{[%clk 0:01:56]} Rxe2 {[%clk 0:03:43]} 36. Kxe2 {[%clk 0:02:20]} Re8 {[%clk
0:03:55]} 37. hxg4 {[%clk 0:02:18]} fxg4 {[%clk 0:04:18]} 38. Rg1 {[%clk
0:02:26]} Rxc8 {[%clk 0:04:34]} 39. Rxg3 {[%clk 0:02:53]} h5 {[%clk 0:04:55]} 40.
Kd3 {[%clk 0:32:44]} Rc4 {[%clk 0:34:51]} 41. Rg1 {[%clk 0:32:57]} h4 {[%clk
0:33:55]} 42. Rf1 {[%clk 0:33:02]} h3 {[%clk 0:33:28]} 43. Rf5 {[%clk 0:32:49]}
h2 {[%clk 0:33:47]} 44. Rh5 {[%clk 0:32:53]} g3 {[%clk 0:34:11]} 45. Ke2 {[%clk
0:33:17]} g2 {[%clk 0:34:15]} 46. Rg5+ {[%clk 0:33:25]} Kf7 {[%clk 0:34:39]} 47.
Rxg2 {[%clk 0:33:45]} h1Q {[%clk 0:34:56]} 0-1

[Event "Baku Chess Olympiad | Open"]
[Site "chess24.com"]
[Date "2016.09.02"]
[Round "1"]
[White "Bukannan, Ahmed A"]
[Black "Jurcik, Marian"]
[Result "0-1"]
[Board "3"]
[WhiteID "21504164"]
[WhiteElo "1890"]
[WhiteCountry "KSA"]
[WhiteFideId "21504164"]
[WhiteEloChange "-2"]
[BlackID "14907518"]
[BlackElo "2484"]
[BlackTitle "IM"]
[BlackCountry "SVK"]
[BlackFideId "14907518"]
[BlackEloChange "1"]

1. e4 {[%clk 1:30:55]} c5 {[%clk 1:30:52]} 2. c3 {[%clk 1:31:10]} d5 {[%clk
1:30:00]} 3. exd5 {[%clk 1:31:07]} Qxd5 {[%clk 1:30:23]} 4. d4 {[%clk 1:31:11]}
Nc6 {[%clk 1:30:48]} 5. Nf3 {[%clk 1:31:12]} Bf5 {[%clk 1:31:07]} 6. Be2 {[%clk
1:30:39]} cxd4 {[%clk 1:30:52]} 7. cxd4 {[%clk 1:30:33]} Bxb1 {[%clk 1:31:14]} 8.
Rxb1 {[%clk 1:30:39]} e6 {[%clk 1:31:37]} 9. O-O {[%clk 1:30:16]} Nf6 {[%clk
1:31:36]} 10. b3 {[%clk 1:22:59]} Be7 {[%clk 1:29:35]} 11. Bb2 {[%clk 1:19:15]}
O-O {[%clk 1:26:09]} 12. Ne5 {[%clk 1:14:18]} Qa5 {[%clk 1:23:11]} 13. Nxc6
{[%clk 1:02:07]} bxc6 {[%clk 1:23:38]} 14. a3 {[%clk 0:57:44]} Nd5 {[%clk
1:23:23]} 15. Bc4 {[%clk 0:56:06]} Rfd8 {[%clk 1:22:31]} 16. Qf3 {[%clk 0:53:16]}
Bf6 {[%clk 1:21:53]} 17. Rfd1 {[%clk 0:51:22]} Rd7 {[%clk 1:21:12]} 18. Bxd5
{[%clk 0:47:50]} cxd5 {[%clk 1:19:55]} 19. Rbc1 {[%clk 0:41:53]} Qb6 {[%clk
1:16:05]} 20. g3 {[%clk 0:39:21]} a5 {[%clk 1:15:07]} 21. Qc3 {[%clk 0:36:47]}
Rb7 {[%clk 1:13:43]} 22. Rd3 {[%clk 0:35:29]} Rab8 {[%clk 1:13:14]} 23. Qd2
{[%clk 0:29:49]} h6 {[%clk 1:11:35]} 24. Qd1 {[%clk 0:30:05]} Rc7 {[%clk
1:06:35]} 25. Rxc7 {[%clk 0:27:54]} Qxc7 {[%clk 1:06:49]} 26. Rc3 {[%clk
0:27:23]} Qb6 {[%clk 1:06:41]} 27. Rd3 {[%clk 0:26:03]} g6 {[%clk 0:46:47]} 28.
Kg2 {[%clk 0:24:27]} Kg7 {[%clk 0:42:06]} 29. Qc2 {[%clk 0:21:42]} Rb7 {[%clk
0:40:34]} 30. h3 {[%clk 0:21:29]} Be7 {[%clk 0:37:15]} 31. Bc1 {[%clk 0:20:01]}
Bf6 {[%clk 0:25:52]} 32. Bb2 {[%clk 0:20:18]} Qb5 {[%clk 0:25:13]} 33. Rf3 {[%clk
0:18:00]} Qd7 {[%clk 0:19:34]} 34. Bc1 {[%clk 0:17:40]} Qd8 {[%clk 0:12:39]} 35.
Qd2 {[%clk 0:16:39]} Bg5 {[%clk 0:12:39]} 36. Qc2 {[%clk 0:16:12]} Bxc1 {[%clk
0:02:27]} 37. Qxc1 {[%clk 0:16:38]} Qe7 {[%clk 0:02:41]} 38. Qb2 {[%clk 0:15:43]}
Qd6 {[%clk 0:01:26]} 39. Rc3 {[%clk 0:14:13]} h5 {[%clk 0:00:48]} 40. Rc5 {[%clk
0:44:06]} Qb6 {[%clk 0:31:04]} 41. Qc3 {[%clk 0:43:24]} Qxb3 {[%clk 0:31:01]} 42.
Qxa5 {[%clk 0:42:17]} Qd3 {[%clk 0:30:36]} 43. Qc3 {[%clk 0:39:05]} Qe4+ {[%clk
0:29:31]} 44. Qf3 {[%clk 0:39:27]} Qxd4 {[%clk 0:26:53]} 45. Qc3 {[%clk 0:39:45]}
Qxc3 {[%clk 0:27:10]} 46. Rxc3 {[%clk 0:40:14]} Ra7 {[%clk 0:27:29]} 47. Rd3
{[%clk 0:40:05]} Kf6 {[%clk 0:27:41]} 48. f4 {[%clk 0:40:21]} Ke7 {[%clk
0:27:44]} 49. Kf3 {[%clk 0:40:43]} Kd6 {[%clk 0:28:03]} 50. g4 {[%clk 0:41:01]}
hxg4+ {[%clk 0:28:24]} 51. Kxg4 {[%clk 0:40:56]} f6 {[%clk 0:28:32]} 52. Rb3
{[%clk 0:41:13]} Kc5 {[%clk 0:26:23]} 53. Rc3+ {[%clk 0:41:20]} Kd6 {[%clk
0:25:08]} 54. Rb3 {[%clk 0:41:29]} Ra6 {[%clk 0:25:30]} 55. Rb8 {[%clk 0:41:39]}
Rxa3 {[%clk 0:25:12]} 56. Rg8 {[%clk 0:42:02]} f5+ {[%clk 0:24:43]} 57. Kh4
{[%clk 0:42:04]} Rf3 {[%clk 0:24:56]} 58. Rxg6 {[%clk 0:42:21]} Rxf4+ {[%clk
0:25:18]} 59. Kg5 {[%clk 0:42:46]} Rf3 {[%clk 0:24:53]} 60. h4 {[%clk 0:43:14]}
Rg3+ {[%clk 0:25:07]} 61. Kf6 {[%clk 0:43:41]} Rxg6+ {[%clk 0:25:23]} 62. Kxg6
{[%clk 0:44:08]} f4 {[%clk 0:25:46]} 63. h5 {[%clk 0:44:34]} f3 {[%clk 0:26:12]}
64. h6 {[%clk 0:45:02]} f2 {[%clk 0:26:37]} 65. h7 {[%clk 0:45:30]} f1Q {[%clk
0:27:00]} 66. h8Q {[%clk 0:45:57]} Qf5+ {[%clk 0:27:20]} 67. Kg7 {[%clk 0:45:19]}
Qe5+ {[%clk 0:27:43]} 68. Kf7 {[%clk 0:45:35]} Qxh8 {[%clk 0:28:02]} 0-1